[Event "Russian Women's Higher League 2021"]
[Site "?"]
[Date "2021.07.05"]
[Round "9.8"]
[White "Belenkaya, Dina"]
[Black "Shafigullina, Zarina"]
[Result "1-0"]
[WhiteElo "2341"]
[BlackElo "2244"]
[Annotator ""]
[Source ""]
[Remark ""]

1.e4 {[%clk 1:30:02]} c5 {[%clk 1:30:40]} 2.Nf3 {[%clk 1:30:20]}
d6 {[%clk 1:31:02]} 3.Bc4 {[%clk 1:30:24]} Nf6 {[%clk 1:18:48]}
4.d3 {[%clk 1:26:28]} Nc6 {[%clk 1:17:26]} 5.O-O {[%clk 1:23:27]}
Bg4 {[%clk 1:13:10]} 6.Nbd2 {[%clk 1:17:46]} a6 {[%clk 1:05:58]}
7.h3 {[%clk 1:14:16]} Bd7 {[%clk 1:04:47]} 8.a4 {[%clk 1:11:58]}
h6 {[%clk 1:02:41]} 9.c3 {[%clk 1:10:48]} Rb8 {[%clk 0:57:20]}
10.d4 {[%clk 1:08:45]} b5 {[%clk 0:56:06]} 11.e5 {[%clk 1:05:01]}
bxc4 {[%clk 0:50:13]} 12.exf6 {[%clk 1:05:19]} d5 {[%clk 0:46:23]}
13.dxc5 {[%clk 0:54:42]} gxf6 {[%clk 0:45:09]} 14.b4 {[%clk 0:50:48]}
e5 {[%clk 0:32:53]} 15.Re1 {[%clk 0:46:38]} Bg7 {[%clk 0:28:56]}
16.Nf1 {[%clk 0:33:47]} Ne7 {[%clk 0:26:44]} 17.Ng3 {[%clk 0:30:42]}
Be6 {[%clk 0:24:29]} 18.Nh4 {[%clk 0:24:54]} Kf8 {[%clk 0:09:18]}
19.f4 {[%clk 0:21:07]} Ng6 {[%clk 0:07:12]} 20.Nhf5 {[%clk 0:19:39]}
Bxf5 {[%clk 0:06:19]} 21.Nxf5 {[%clk 0:20:03]} Qd7 {[%clk 0:06:41]}
22.Nd6 {[%clk 0:19:08]} d4 {[%clk 0:03:25]} 23.Nxc4 {[%clk 0:17:42]}
Rd8 {[%clk 0:02:21]} 24.Nd6 {[%clk 0:16:24]} f5 {[%clk 0:02:28]}
25.cxd4 {[%clk 0:15:29]} exf4 {[%clk 0:01:50]} 26.Bb2 {[%clk 0:13:29]}
Nh4 {[%clk 0:01:43]} 27.Qh5 {[%clk 0:08:16]} Bf6 {[%clk 0:02:03]}
28.Kh2 {[%clk 0:06:00]} Rh7 {[%clk 0:02:06]} 29.Re2 {[%clk 0:05:52]}
f3 {[%clk 0:02:19]} 30.gxf3 {[%clk 0:05:58]} Qc7 {[%clk 0:01:53]}
31.Kh1 {[%clk 0:02:05]} Rxd6 {[%clk 0:01:53]} 32.cxd6 {[%clk 0:02:31]}
Qxd6 {[%clk 0:02:21]} 33.b5 {[%clk 0:02:47]} Qd5 {[%clk 0:00:53]}
34.Ba3+ {[%clk 0:02:19]} Kg7 {[%clk 0:01:05]} 35.Rg1+ {[%clk 0:02:31]}
Ng6 {[%clk 0:01:23]} 36.Reg2 {[%clk 0:01:13]} Bxd4 {[%clk 0:01:43]}
37.Rxg6+ {[%clk 0:01:23]} fxg6 {[%clk 0:01:50]} 38.Qxg6+ {[%clk 0:01:46]}
 1-0

[Event "Russian Women's Higher League 2021"]
[Site "?"]
[Date "2021.07.05"]
[Round "9.9"]
[White "Kovanova, Baira"]
[Black "Nosacheva, Mariya"]
[Result "1-0"]
[WhiteElo "2318"]
[BlackElo "2226"]
[Annotator ""]
[Source ""]
[Remark ""]

1.d4 {[%clk 1:30:59]} Nf6 {[%clk 1:30:54]} 2.c4 {[%clk 1:31:18]}
g6 {[%clk 1:31:19]} 3.Nf3 {[%clk 1:31:43]} Bg7 {[%clk 1:31:43]}
4.g3 {[%clk 1:32:09]} O-O {[%clk 1:32:06]} 5.Bg2 {[%clk 1:32:36]}
d6 {[%clk 1:32:28]} 6.O-O {[%clk 1:32:49]} Nbd7 {[%clk 1:29:44]}
7.Qc2 {[%clk 1:32:39]} e5 {[%clk 1:27:42]} 8.Rd1 {[%clk 1:33:02]}
Re8 {[%clk 1:26:07]} 9.Nc3 {[%clk 1:32:36]} c6 {[%clk 1:24:59]}
10.dxe5 {[%clk 1:31:02]} dxe5 {[%clk 1:24:50]} 11.e4 {[%clk 1:31:19]}
Qc7 {[%clk 1:18:41]} 12.h3 {[%clk 1:30:23]} Nc5 {[%clk 1:18:42]}
13.Be3 {[%clk 1:29:10]} Ne6 {[%clk 1:18:00]} 14.c5 {[%clk 1:28:13]}
Nd7 {[%clk 1:12:51]} 15.Na4 {[%clk 1:18:00]} b6 {[%clk 1:10:32]}
16.cxb6 {[%clk 1:10:30]} axb6 {[%clk 1:10:56]} 17.b4 {[%clk 1:10:46]}
Qa7 {[%clk 1:11:04]} 18.Nxb6 {[%clk 0:53:56]} Nxb6 {[%clk 1:11:27]}
19.Qxc6 {[%clk 0:54:22]} Bb7 {[%clk 1:11:51]} 20.Qxb6 {[%clk 0:54:24]}
Qxb6 {[%clk 1:12:13]} 21.Bxb6 {[%clk 0:54:51]} Bxe4 {[%clk 1:12:31]}
22.a4 {[%clk 0:50:37]} Bc2 {[%clk 1:10:16]} 23.a5 {[%clk 0:48:26]}
Bxd1 {[%clk 1:05:23]} 24.Rxd1 {[%clk 0:47:40]} e4 {[%clk 1:05:16]}
25.Ne1 {[%clk 0:45:25]} f5 {[%clk 1:01:52]} 26.Bf1 {[%clk 0:44:50]}
Bc3 {[%clk 0:53:07]} 27.Nc2 {[%clk 0:43:09]} Rec8 {[%clk 0:50:23]}
28.Bb5 {[%clk 0:38:47]} Kf7 {[%clk 0:46:09]} 29.Bd7 {[%clk 0:28:23]}
Rcb8 {[%clk 0:37:39]} 30.Bc6 {[%clk 0:25:24]} Ra6 {[%clk 0:38:02]}
31.Rd7+ {[%clk 0:17:12]} Kf6 {[%clk 0:36:58]} 32.Ne3 {[%clk 0:11:18]}
Bxb4 {[%clk 0:26:13]} 33.Nd5+ {[%clk 0:11:00]} Ke5 {[%clk 0:26:35]}
34.Nxb4 {[%clk 0:10:12]} Raxb6 {[%clk 0:26:12]} 35.axb6 {[%clk 0:10:41]}
Rxb6 {[%clk 0:26:33]} 36.Rd5+ {[%clk 0:07:55]} Kf6 {[%clk 0:26:54]}
37.Rb5 {[%clk 0:08:19]} Rxb5 {[%clk 0:27:06]} 38.Bxb5 {[%clk 0:08:48]}
Ke5 {[%clk 0:26:11]} 39.Bc4 Ng5 {[%clk 0:25:26]} 40.Kg2 {[%clk 0:36:23]}
h5 {[%clk 0:52:08]} 41.Nc6+ {[%clk 0:31:21]} Kf6 {[%clk 0:51:59]}
42.Nd4 {[%clk 0:31:00]} Ke5 {[%clk 0:48:40]} 43.Ne2 {[%clk 0:30:32]}
Nf3 {[%clk 0:48:53]} 44.h4 {[%clk 0:26:07]} Kf6 {[%clk 0:49:11]}
45.Nf4 {[%clk 0:26:01]} Nd4 {[%clk 0:36:19]} 46.Be2 {[%clk 0:24:03]}
Kg7 {[%clk 0:35:57]} 47.Bd1 {[%clk 0:24:27]} Kf6 {[%clk 0:36:00]}
48.Ba4 {[%clk 0:23:56]} Nf3 {[%clk 0:35:05]} 49.Be8 {[%clk 0:24:05]}
Ne5 {[%clk 0:35:31]} 50.Kf1 {[%clk 0:24:27]} Kg7 {[%clk 0:35:52]}
51.Ke2 {[%clk 0:23:40]} Kh6 {[%clk 0:35:44]} 52.Nh3 {[%clk 0:19:05]}
Kg7 {[%clk 0:35:43]} 53.Ke3 {[%clk 0:18:18]} Kf8 {[%clk 0:36:00]}
54.Kf4 {[%clk 0:13:53]} Nd3+ {[%clk 0:36:25]} 55.Kg5 {[%clk 0:14:20]}
Kxe8 {[%clk 0:36:51]} 56.Kxg6 {[%clk 0:14:48]} 1-0

[Event "Russian Women's Higher League 2021"]
[Site "?"]
[Date "2021.07.05"]
[Round "9.10"]
[White "Dimitrova, Aleksandra"]
[Black "Dordzhieva, Dinara"]
[Result "0-1"]
[WhiteElo "2204"]
[BlackElo "2311"]
[Annotator ""]
[Source ""]
[Remark ""]

1.d4 {[%clk 1:30:57]} f5 {[%clk 1:29:24]} 2.Nf3 {[%clk 1:29:31]}
Nf6 {[%clk 1:29:50]} 3.Bg5 {[%clk 1:24:19]} e6 {[%clk 1:29:50]}
4.Bxf6 {[%clk 1:18:30]} Qxf6 {[%clk 1:29:59]} 5.Nbd2 {[%clk 1:18:49]}
d5 {[%clk 1:27:15]} 6.e3 {[%clk 0:57:23]} Bd6 {[%clk 1:26:13]}
7.c4 {[%clk 0:56:54]} c6 {[%clk 1:26:04]} 8.g3 {[%clk 0:51:58]}
O-O {[%clk 1:18:11]} 9.Bg2 {[%clk 0:52:11]} Nd7 {[%clk 1:10:17]}
10.O-O {[%clk 0:51:36]} g5 {[%clk 1:08:30]} 11.Ne1 {[%clk 0:48:08]}
Qg7 {[%clk 1:01:23]} 12.c5 {[%clk 0:44:11]} Bc7 {[%clk 1:00:07]}
13.f4 {[%clk 0:44:31]} gxf4 {[%clk 0:51:59]} 14.gxf4 {[%clk 0:44:37]}
Nf6 {[%clk 0:52:17]} 15.Kh1 {[%clk 0:28:03]} Kh8 {[%clk 0:49:32]}
16.Bf3 {[%clk 0:25:32]} Ne4 {[%clk 0:36:04]} 17.Nxe4 {[%clk 0:21:16]}
fxe4 {[%clk 0:35:23]} 18.Rg1 {[%clk 0:21:33]} Qh6 {[%clk 0:35:10]}
19.Be2 {[%clk 0:15:44]} Bd7 {[%clk 0:33:33]} 20.Nc2 {[%clk 0:15:58]}
Rf6 {[%clk 0:16:15]} 21.Rg2 {[%clk 0:11:15]} Rg6 {[%clk 0:11:19]}
22.Rxg6 {[%clk 0:08:06]} hxg6 {[%clk 0:11:44]} 23.Qg1 {[%clk 0:08:11]}
Kg7 {[%clk 0:11:26]} 24.Qg2 {[%clk 0:07:08]} Rh8 {[%clk 0:11:41]}
25.Rg1 {[%clk 0:07:23]} Kf7 {[%clk 0:10:55]} 26.a3 {[%clk 0:06:02]}
g5 {[%clk 0:10:01]} 27.Rf1 {[%clk 0:03:56]} gxf4 {[%clk 0:10:05]}
28.exf4 {[%clk 0:04:23]} Bxf4 {[%clk 0:09:03]} 29.Qg3 {[%clk 0:03:41]}
Qxh2+ {[%clk 0:08:42]} 30.Qxh2 {[%clk 0:04:08]} Rxh2+ {[%clk 0:09:08]}
31.Kg1 {[%clk 0:04:36]} Rh4 {[%clk 0:09:11]} 32.Ne3 {[%clk 0:04:41]}
Ke7 {[%clk 0:08:42]} 33.Ng2 {[%clk 0:03:57]} Bh2+ {[%clk 0:09:07]}
34.Kf2 {[%clk 0:04:21]} Rh6 {[%clk 0:09:30]} 35.Ne3 {[%clk 0:03:20]}
Rf6+ {[%clk 0:09:41]} 36.Kg2 {[%clk 0:03:28]} Rxf1 {[%clk 0:10:07]}
37.Bxf1 {[%clk 0:03:42]} Bf4 {[%clk 0:10:22]} 38.Kf2 {[%clk 0:04:01]}
e5 {[%clk 0:10:30]} 39.Nc2 {[%clk 0:04:23]} exd4 {[%clk 0:10:39]}
40.Nxd4 {[%clk 0:34:48]} Bc1 {[%clk 0:40:41]} 0-1

[Event "Russian Women's Higher League 2021"]
[Site "?"]
[Date "2021.07.05"]
[Round "9.11"]
[White "Loskutova, Viktoriya"]
[Black "Solozhenkina, Elizaveta"]
[Result "0-1"]
[WhiteElo "2188"]
[BlackElo "2306"]
[Annotator ""]
[Source ""]
[Remark ""]

1.e4 {[%clk 1:30:59]} e6 {[%clk 1:30:54]} 2.d4 {[%clk 1:31:24]}
d5 {[%clk 1:31:16]} 3.Nd2 {[%clk 1:31:50]} Be7 {[%clk 1:31:12]}
4.Ngf3 {[%clk 1:32:04]} Nf6 {[%clk 1:31:12]} 5.e5 {[%clk 1:32:24]}
Nfd7 {[%clk 1:31:36]} 6.c3 {[%clk 1:32:46]} c5 {[%clk 1:31:30]}
7.Bd3 {[%clk 1:33:02]} b6 {[%clk 1:31:52]} 8.O-O {[%clk 1:25:55]}
Ba6 {[%clk 1:32:04]} 9.Bxa6 {[%clk 1:25:45]} Nxa6 {[%clk 1:32:27]}
10.Re1 {[%clk 1:14:20]} O-O {[%clk 1:32:36]} 11.Qe2 {[%clk 1:14:01]}
Nc7 {[%clk 1:31:37]} 12.Nf1 {[%clk 1:08:22]} a5 {[%clk 1:19:55]}
13.Ne3 {[%clk 0:58:45]} b5 {[%clk 1:13:46]} 14.dxc5 {[%clk 0:53:29]}
Nxc5 {[%clk 1:12:48]} 15.Nd4 {[%clk 0:46:09]} Qd7 {[%clk 1:12:38]}
16.Qh5 {[%clk 0:41:56]} Nd3 {[%clk 0:56:11]} 17.Rd1 {[%clk 0:41:39]}
g6 {[%clk 0:56:15]} 18.Qe2 {[%clk 0:38:52]} Nxe5 {[%clk 0:55:08]}
19.Nef5 {[%clk 0:38:29]} Bf6 {[%clk 0:47:55]} 20.Nh6+ {[%clk 0:38:17]}
Kh8 {[%clk 0:46:03]} 21.Bf4 {[%clk 0:37:40]} Nc4 {[%clk 0:38:18]}
22.Ng4 {[%clk 0:33:57]} Bg7 {[%clk 0:37:04]} 23.Bxc7 {[%clk 0:18:15]}
Qxc7 {[%clk 0:36:59]} 24.Nxb5 {[%clk 0:18:36]} Qb6 {[%clk 0:35:10]}
25.a4 {[%clk 0:18:36]} h5 {[%clk 0:31:22]} 26.Ne3 {[%clk 0:18:37]}
Ne5 {[%clk 0:30:25]} 27.Nc2 {[%clk 0:17:05]} Nd7 {[%clk 0:18:58]}
28.Rab1 {[%clk 0:09:45]} Rac8 {[%clk 0:15:53]} 29.Qe3 {[%clk 0:08:42]}
Qb8 {[%clk 0:11:57]} 30.Nca3 {[%clk 0:04:56]} Nc5 {[%clk 0:04:44]}
31.b3 {[%clk 0:05:09]} f5 {[%clk 0:04:30]} 32.c4 {[%clk 0:02:30]}
f4 {[%clk 0:03:39]} 33.Qf3 {[%clk 0:02:06]} d4 {[%clk 0:04:01]}
34.Nxd4 {[%clk 0:01:22]} e5 {[%clk 0:04:27]} 35.Ndc2 {[%clk 0:01:14]}
e4 {[%clk 0:04:09]} 36.Qh3 {[%clk 0:01:39]} Rcd8 {[%clk 0:02:32]}
37.Nb5 {[%clk 0:00:57]} Qe5 {[%clk 0:00:58]} 38.g3 {[%clk 0:00:43]}
Nd3 {[%clk 0:01:01]} 39.Ne1 {[%clk 0:00:58]} Nxf2 {[%clk 0:00:37]}
40.Kxf2 {[%clk 0:31:22]} e3+ {[%clk 0:30:35]} 41.Kg1 {[%clk 0:26:07]}
Rxd1 {[%clk 0:13:01]} 42.Rxd1 {[%clk 0:26:27]} e2 {[%clk 0:13:27]}
43.Rd5 {[%clk 0:20:48]} Qe3+ {[%clk 0:13:05]} 44.Kh1 {[%clk 0:21:11]}
f3 {[%clk 0:13:32]} 0-1

[Event "Russian Women's Higher League 2021"]
[Site "?"]
[Date "2021.07.05"]
[Round "9.12"]
[White "Zherebtsova, Alexandra"]
[Black "Protopopova, Anastasiya"]
[Result "1/2-1/2"]
[WhiteElo "2155"]
[BlackElo "2286"]
[Annotator ""]
[Source ""]
[Remark ""]

1.d4 {[%clk 1:30:59]} Nf6 {[%clk 1:30:47]} 2.Nf3 {[%clk 1:31:25]}
c5 {[%clk 1:31:02]} 3.d5 {[%clk 1:31:33]} e6 {[%clk 1:31:28]}
4.Nc3 {[%clk 1:30:05]} exd5 {[%clk 1:31:42]} 5.Nxd5 {[%clk 1:30:30]}
Nxd5 {[%clk 1:32:06]} 6.Qxd5 {[%clk 1:30:56]} Nc6 {[%clk 1:31:20]}
7.e4 {[%clk 1:20:05]} d6 {[%clk 1:30:49]} 8.Ng5 {[%clk 1:19:50]}
Qc7 {[%clk 1:23:05]} 9.Bc4 {[%clk 1:17:10]} Ne5 {[%clk 1:21:50]}
10.Bb5+ {[%clk 1:17:27]} Bd7 {[%clk 1:17:04]} 11.Bxd7+ {[%clk 1:16:59]}
Qxd7 {[%clk 1:17:27]} 12.Bf4 {[%clk 1:07:55]} Nc6 {[%clk 1:11:12]}
13.c3 {[%clk 1:04:33]} h6 {[%clk 1:10:45]} 14.Nf3 {[%clk 1:03:52]}
O-O-O {[%clk 1:04:03]} 15.O-O-O {[%clk 1:02:58]} Be7 {[%clk 0:51:31]}
16.Nd2 {[%clk 0:51:15]} Ne5 {[%clk 0:32:24]} 17.Bxe5 {[%clk 0:42:15]}
dxe5 {[%clk 0:32:49]} 18.Qxd7+ {[%clk 0:37:43]} Kxd7 {[%clk 0:29:59]}
19.Nc4+ {[%clk 0:37:18]} Ke6 {[%clk 0:30:23]} 20.Kc2 {[%clk 0:37:31]}
h5 {[%clk 0:27:12]} 21.Ne3 {[%clk 0:36:55]} Rxd1 {[%clk 0:17:00]}
22.Rxd1 {[%clk 0:37:14]} g6 {[%clk 0:15:29]} 23.Kd3 {[%clk 0:32:58]}
f5 {[%clk 0:12:53]} 24.Nd5 {[%clk 0:30:54]} Bd6 {[%clk 0:12:36]}
25.c4 {[%clk 0:30:16]} h4 {[%clk 0:11:45]} 26.h3 {[%clk 0:29:21]}
Rb8 {[%clk 0:10:49]} 27.a4 {[%clk 0:25:21]} Rc8 {[%clk 0:08:35]}
28.Re1 {[%clk 0:24:28]} Rg8 {[%clk 0:07:47]} 29.Kc2 {[%clk 0:23:00]}
Rf8 {[%clk 0:07:52]} 30.f3 {[%clk 0:23:04]} Rf7 {[%clk 0:07:34]}
31.Re3 {[%clk 0:22:16]} Bc7 {[%clk 0:06:59]} 32.Kd3 {[%clk 0:19:17]}
Bd6 {[%clk 0:06:41]} 33.Re1 {[%clk 0:19:33]} Bc7 {[%clk 0:05:50]}
34.Ke3 {[%clk 0:18:49]} Ba5 {[%clk 0:05:53]} 35.Rd1 {[%clk 0:19:02]}
f4+ {[%clk 0:01:51]} 36.Ke2 {[%clk 0:18:21]} a6 {[%clk 0:02:12]}
37.Rd3 {[%clk 0:18:29]} Rd7 {[%clk 0:02:24]} 38.Rb3 {[%clk 0:17:48]}
Rh7 {[%clk 0:02:01]} 39.Nc3 {[%clk 0:12:21]} Rd7 {[%clk 0:01:59]}
40.Nd5 {[%clk 0:42:46]} Rh7 {[%clk 0:32:21]} 41.Nc3 {[%clk 0:42:13]} 1/2-1/2

[Event "Russian Women's Higher League 2021"]
[Site "?"]
[Date "2021.07.05"]
[Round "9.13"]
[White "Nasyrova, Ekaterina"]
[Black "Grigorieva, Yulia"]
[Result "1-0"]
[WhiteElo "2149"]
[BlackElo "2143"]
[Annotator ""]
[Source ""]
[Remark ""]

1.d4 {[%clk 1:30:56]} Nf6 {[%clk 1:30:55]} 2.c4 {[%clk 1:31:13]}
g6 {[%clk 1:31:20]} 3.g3 {[%clk 1:31:35]} Bg7 {[%clk 1:31:45]}
4.Bg2 {[%clk 1:31:53]} O-O {[%clk 1:32:05]} 5.Nc3 {[%clk 1:32:13]}
d6 {[%clk 1:32:03]} 6.Nf3 {[%clk 1:32:30]} Nc6 {[%clk 1:32:11]}
7.O-O {[%clk 1:32:47]} e5 {[%clk 1:32:30]} 8.dxe5 {[%clk 1:33:06]}
dxe5 {[%clk 1:32:56]} 9.Bg5 {[%clk 1:33:23]} h6 {[%clk 1:33:13]}
10.Qxd8 {[%clk 1:33:36]} Rxd8 {[%clk 1:33:41]} 11.Bxf6 {[%clk 1:33:23]}
Bxf6 {[%clk 1:34:09]} 12.Nd5 {[%clk 1:33:37]} Kg7 {[%clk 1:34:25]}
13.Nxc7 {[%clk 1:15:59]} Rb8 {[%clk 1:34:50]} 14.e4 {[%clk 1:15:32]}
Be7 {[%clk 1:34:20]} 15.Rfd1 {[%clk 1:10:25]} Bg4 {[%clk 1:29:14]}
16.h3 {[%clk 1:02:39]} Bxf3 {[%clk 1:26:49]} 17.Bxf3 {[%clk 1:03:00]}
Nd4 {[%clk 1:26:22]} 18.Kg2 {[%clk 1:00:23]} Bc5 {[%clk 1:24:06]}
19.Rac1 {[%clk 0:55:29]} a5 {[%clk 1:19:53]} 20.h4 {[%clk 0:50:34]}
h5 {[%clk 1:16:12]} 21.Nd5 {[%clk 0:48:16]} Rd7 {[%clk 1:03:04]}
22.Rd3 {[%clk 0:45:46]} Ne6 {[%clk 0:49:36]} 23.a3 {[%clk 0:30:13]}
a4 {[%clk 0:41:35]} 24.Bd1 {[%clk 0:28:43]} Ra8 {[%clk 0:39:36]}
25.Bc2 {[%clk 0:21:14]} Rdd8 {[%clk 0:36:10]} 26.Rf1 {[%clk 0:05:58]}
Bd4 {[%clk 0:31:38]} 27.f4 {[%clk 0:06:02]} exf4 {[%clk 0:21:34]}
28.gxf4 {[%clk 0:06:03]} Bxb2 {[%clk 0:20:29]} 29.f5 {[%clk 0:04:01]}
Nd4 {[%clk 0:11:10]} 30.Bd1 {[%clk 0:04:09]} Nc6 {[%clk 0:09:53]}
31.Rg3 {[%clk 0:02:59]} Ne5 {[%clk 0:06:11]} 32.Be2 {[%clk 0:02:47]}
Rac8 {[%clk 0:03:37]} 33.fxg6 {[%clk 0:02:45]} fxg6 {[%clk 0:03:36]}
34.Rb1 {[%clk 0:03:04]} Nxc4 {[%clk 0:01:36]} 35.Bxc4 {[%clk 0:02:56]}
Rxc4 {[%clk 0:00:38]} 36.Rxb2 {[%clk 0:03:18]} Rxe4 {[%clk 0:00:32]}
37.Rxb7+ {[%clk 0:03:33]} Kh6 {[%clk 0:00:33]} 38.Nf6 {[%clk 0:03:45]}
Re2+ {[%clk 0:00:43]} 39.Kf1 {[%clk 0:03:20]} g5 {[%clk 0:00:52]}
40.Rxg5 {[%clk 0:32:55]} Rd1+ {[%clk 0:30:36]} 41.Kxe2 {[%clk 0:33:17]}
Rd2+ {[%clk 0:24:28]} 42.Kf3 {[%clk 0:33:23]} Rd3+ {[%clk 0:23:32]}
43.Kf4 {[%clk 0:32:55]} Rd4+ {[%clk 0:22:53]} 44.Ne4 {[%clk 0:31:19]}
Rxe4+ {[%clk 0:23:11]} 45.Kf5 {[%clk 0:31:18]} Re5+ {[%clk 0:22:00]}
46.Kf6 {[%clk 0:31:34]} Re6+ {[%clk 0:22:06]} 47.Kf7 {[%clk 0:31:55]}
Rf6+ {[%clk 0:22:32]} 48.Ke7 {[%clk 0:32:17]} Re6+ {[%clk 0:22:55]}
49.Kd7 {[%clk 0:32:41]} Rd6+ {[%clk 0:23:17]} 50.Kc7 {[%clk 0:33:04]}
Rc6+ {[%clk 0:23:42]} 51.Kb8 {[%clk 0:33:23]} Rc8+ {[%clk 0:23:27]}
52.Ka7 {[%clk 0:33:47]} Ra8+ {[%clk 0:23:45]} 53.Kb6 {[%clk 0:34:11]}
Ra6+ {[%clk 0:24:13]} 54.Kb5 {[%clk 0:34:28]} Ra5+ {[%clk 0:24:33]}
55.Kb4 {[%clk 0:34:46]} 1-0

[Event "Russian Women's Higher League 2021"]
[Site "?"]
[Date "2021.07.05"]
[Round "9.14"]
[White "Gritsayeva, Oksana"]
[Black "Kovalevskaya, Ekaterina"]
[Result "0-1"]
[WhiteElo "2332"]
[BlackElo "2382"]
[Annotator ""]
[Source ""]
[Remark ""]

1.e4 {[%clk 1:30:58]} c5 {[%clk 1:30:55]} 2.Nf3 {[%clk 1:31:24]}
Nc6 {[%clk 1:31:18]} 3.Bb5 {[%clk 1:31:46]} d6 {[%clk 1:31:15]}
4.Bxc6+ {[%clk 1:32:02]} bxc6 {[%clk 1:31:42]} 5.O-O {[%clk 1:32:22]}
Bg4 {[%clk 1:31:48]} 6.h3 {[%clk 1:32:36]} Bh5 {[%clk 1:32:06]}
7.e5 {[%clk 1:31:40]} e6 {[%clk 1:29:46]} 8.exd6 {[%clk 1:31:46]}
Bxd6 {[%clk 1:30:04]} 9.d3 {[%clk 1:32:04]} Ne7 {[%clk 1:16:44]}
10.Nbd2 {[%clk 1:30:45]} O-O {[%clk 1:15:37]} 11.Ne4 {[%clk 1:28:43]}
Bc7 {[%clk 1:11:19]} 12.Ng3 {[%clk 1:21:53]} Bg6 {[%clk 1:07:10]}
13.Be3 {[%clk 1:18:12]} Qd5 {[%clk 0:56:15]} 14.c4 {[%clk 1:12:31]}
Qxd3 {[%clk 0:33:54]} 15.Bxc5 {[%clk 1:10:34]} Rfe8 {[%clk 0:34:11]}
16.Qa4 {[%clk 0:39:54]} Bxg3 {[%clk 0:33:18]} 17.fxg3 {[%clk 0:39:12]}
Qd7 {[%clk 0:33:38]} 18.g4 {[%clk 0:34:57]} Qc7 {[%clk 0:31:32]}
19.Rad1 {[%clk 0:34:24]} h5 {[%clk 0:25:24]} 20.gxh5 {[%clk 0:29:38]}
Bxh5 {[%clk 0:25:47]} 21.Qa3 {[%clk 0:29:54]} Nf5 {[%clk 0:21:56]}
22.Rd3 {[%clk 0:27:11]} Red8 {[%clk 0:18:00]} 23.Rfd1 {[%clk 0:19:16]}
Bxf3 {[%clk 0:14:27]} 24.Rxd8+ {[%clk 0:19:03]} Rxd8 {[%clk 0:14:55]}
25.Rxd8+ {[%clk 0:18:48]} Qxd8 {[%clk 0:15:24]} 26.Qxf3 {[%clk 0:19:11]}
Qd2 {[%clk 0:14:40]} 27.Qf2 {[%clk 0:17:30]} Qc1+ {[%clk 0:13:00]}
28.Kh2 {[%clk 0:17:53]} Qxc4 {[%clk 0:11:07]} 29.b3 {[%clk 0:17:37]}
Qd5 {[%clk 0:09:39]} 30.Bxa7 {[%clk 0:17:45]} Qd6+ {[%clk 0:07:11]}
31.g3 {[%clk 0:15:48]} Qd3 {[%clk 0:07:26]} 32.g4 {[%clk 0:08:51]}
Nd6 {[%clk 0:07:34]} 33.Qd4 {[%clk 0:04:46]} Qe2+ {[%clk 0:07:04]}
34.Qf2 {[%clk 0:05:03]} Qd3 {[%clk 0:04:22]} 35.Qd4 {[%clk 0:05:19]}
Qe2+ {[%clk 0:04:33]} 36.Qf2 {[%clk 0:05:44]} Qe5+ {[%clk 0:03:36]}
37.Qg3 {[%clk 0:05:10]} Qa5 {[%clk 0:01:38]} 38.Qxd6 {[%clk 0:04:56]}
Qxa2+ {[%clk 0:01:50]} 39.Kg3 {[%clk 0:03:40]} Qxa7 {[%clk 0:02:11]}
40.Qd8+ {[%clk 0:32:52]} Kh7 {[%clk 0:32:34]} 41.Qh4+ {[%clk 0:33:17]}
Kg8 {[%clk 0:30:34]} 42.Qd8+ {[%clk 0:33:39]} Kh7 {[%clk 0:27:24]}
43.Qh4+ {[%clk 0:34:04]} Kg6 {[%clk 0:18:47]} 44.Qh5+ {[%clk 0:34:15]}
Kf6 {[%clk 0:19:12]} 45.Qh4+ {[%clk 0:32:54]} Ke5 {[%clk 0:15:29]}
46.Qg5+ {[%clk 0:33:11]} f5 {[%clk 0:15:41]} 47.Kf3 {[%clk 0:29:47]}
Qd7 {[%clk 0:08:59]} 48.gxf5 {[%clk 0:27:30]} exf5 {[%clk 0:06:33]}
49.Qg6 {[%clk 0:25:10]} Qd5+ {[%clk 0:05:00]} 50.Ke2 {[%clk 0:22:49]}
Qe4+ {[%clk 0:04:50]} 51.Kd2 {[%clk 0:19:52]} Qd4+ {[%clk 0:05:14]}
52.Kc2 {[%clk 0:17:47]} Qd7 {[%clk 0:04:55]} 53.Qg5 {[%clk 0:15:38]}
Ke4 {[%clk 0:03:45]} 54.Qg2+ {[%clk 0:14:05]} Kf4 {[%clk 0:04:06]}
55.Qf2+ {[%clk 0:14:08]} Ke5 {[%clk 0:03:54]} 56.Qe1+ {[%clk 0:13:35]}
Kf6 {[%clk 0:04:05]} 57.Qh4+ {[%clk 0:12:09]} Kg6 {[%clk 0:04:04]}
58.Kc3 {[%clk 0:11:38]} Qd6 {[%clk 0:04:08]} 59.Qe1 {[%clk 0:09:29]}
Kf6 {[%clk 0:02:55]} 60.Qh4+ {[%clk 0:09:16]} Kf7 {[%clk 0:03:15]}
61.Qh5+ {[%clk 0:09:08]} Qg6 {[%clk 0:03:32]} 62.Qf3 {[%clk 0:09:13]}
Qf6+ {[%clk 0:03:40]} 63.Kc4 {[%clk 0:09:09]} Ke7 {[%clk 0:01:38]}
64.Qf4 {[%clk 0:06:30]} Qe6+ {[%clk 0:01:37]} 65.Kc3 {[%clk 0:06:02]}
Kf6 {[%clk 0:01:20]} 66.Qh4+ {[%clk 0:05:33]} Kg6 {[%clk 0:01:35]}
67.Qg3+ {[%clk 0:05:41]} Kh7 {[%clk 0:01:11]} 68.Qf3 {[%clk 0:04:52]}
Kh6 {[%clk 0:00:57]} 69.Kd4 {[%clk 0:03:56]} Qd6+ {[%clk 0:00:50]}
70.Kc4 {[%clk 0:04:19]} g6 {[%clk 0:00:54]} 71.h4 {[%clk 0:02:51]}
Qe6+ {[%clk 0:00:40]} 72.Kc5 {[%clk 0:02:09]} Qe5+ {[%clk 0:00:59]}
73.Kb6 {[%clk 0:01:39]} Qb5+ {[%clk 0:00:56]} 74.Kc7 {[%clk 0:01:57]}
Qe5+ {[%clk 0:01:20]} 75.Kb7 {[%clk 0:01:39]} Qe4 {[%clk 0:01:39]}
76.Qg3 {[%clk 0:01:19]} Kh7 {[%clk 0:01:19]} 77.Qc7+ {[%clk 0:01:18]}
Kg8 {[%clk 0:00:45]} 78.Qd8+ {[%clk 0:01:14]} Kg7 {[%clk 0:00:59]}
79.Kc7 {[%clk 0:00:59]} Qd5 {[%clk 0:00:40]} 80.Qg5 {[%clk 0:01:12]}
Kf7 {[%clk 0:00:56]} 81.Qh6 {[%clk 0:01:09]} c5 {[%clk 0:00:46]}
82.Qh7+ {[%clk 0:01:16]} Kf6 {[%clk 0:01:06]} 83.Qh8+ {[%clk 0:01:34]}
Kf7 {[%clk 0:00:45]} 84.Qh7+ {[%clk 0:01:58]} Kf8 {[%clk 0:00:43]}
85.Qh6+ {[%clk 0:01:53]} Ke7 {[%clk 0:00:44]} 86.Qg7+ {[%clk 0:01:43]}
Qf7 {[%clk 0:01:08]} 87.Qe5+ {[%clk 0:01:55]} Kf8+ {[%clk 0:01:37]}
88.Kd6 {[%clk 0:01:13]} Kg8 {[%clk 0:01:30]} 89.Kxc5 {[%clk 0:01:15]}
f4 {[%clk 0:00:54]} 90.b4 {[%clk 0:00:45]} f3 {[%clk 0:01:19]}
91.Qe1 {[%clk 0:00:54]} f2 {[%clk 0:01:39]} 92.Qf1 {[%clk 0:01:19]}
Qe7+ {[%clk 0:00:38]} 93.Kc6 {[%clk 0:01:34]} Qe4+ {[%clk 0:00:57]}
94.Kd6 {[%clk 0:01:36]} Qxb4+ {[%clk 0:01:20]} 95.Kd7 {[%clk 0:01:34]}
Qd2+ {[%clk 0:01:35]} 96.Kc6 {[%clk 0:01:49]} Qf4 {[%clk 0:01:07]}
97.h5 {[%clk 0:01:41]} gxh5 {[%clk 0:01:08]} 98.Kc5 {[%clk 0:01:16]}
Kf8 {[%clk 0:01:21]} 99.Kd5 {[%clk 0:01:36]} Kf7 {[%clk 0:01:40]}
100.Kc6 {[%clk 0:01:27]} h4 {[%clk 0:01:41]} 101.Kd7 {[%clk 0:01:36]}
h3 {[%clk 0:01:36]} 102.Qxh3 {[%clk 0:02:00]} f1Q {[%clk 0:01:49]} 0-1